TURISZTIKAI VONZERŐK, VAGY KÖZÖSSÉGÉPÍTŐ HAGYOMÁNYOKÚJRAGONDOLÁSA A FALUSI TURIZMUSBAN RETHINKING TOURIST ATTRACTIONS OR COMMUNITY-BUILDING TRADITIONS IN RURAL TOURISM

Bibliográfiai részletek
Szerzők: Szalók Csilla
Petykó Csilla
Schultz Éva
Dokumentumtípus: Cikk
Megjelent: Budapesti Gazdasági Egyetem 2023
Sorozat:Multidiszciplináris Kihívások, Sokszínű Válaszok 2023 No. 1 különkiadás
Tárgyszavak:
mtmt:https://doi.org/10.33565/MKSV.2023.KSZ.01.05
Kulcsszavak:Falusi turizmus
Funkcióvesztett falvak
Turisztikai termék
Online Access:http://publikaciotar.uni-bge.hu/2528

MARC

LEADER 00000nab a2200000 i 4500
001 publ2528
005 20260306114745.0
008 260306s2023 hu o 000 zxx d
022 |a 2630-886X 
024 |a https://doi.org/10.33565/MKSV.2023.KSZ.01.05  |2 doi 
040 |a BGE Publikációtár Repozitórium  |b hun 
100 1 |a Szalók Csilla 
245 1 0 |a TURISZTIKAI VONZERŐK, VAGY KÖZÖSSÉGÉPÍTŐ HAGYOMÁNYOKÚJRAGONDOLÁSA A FALUSI TURIZMUSBAN  |b RETHINKING TOURIST ATTRACTIONS OR COMMUNITY-BUILDING TRADITIONS IN RURAL TOURISM  |c Szalók Csilla  |h [elektronikus dokumentum] 
260 |a Budapesti Gazdasági Egyetem  |c 2023 
300 |a 117-144 
490 0 |a Multidiszciplináris Kihívások, Sokszínű Válaszok  |v 2023 No. 1 különkiadás 
520 3 |a A rendszerváltás éveiben újra indított falusi turizmus meghatározásában, vonzerőjében fontos szerepet kapott a magyar falvak néphagyományt felelevenítő törekvése. A falvak élelmiszertermelő tevékenységéhez olyan események kapcsolódtak, amelyek megismerése a városi emberek számára turisztikai vonzerőt jelentettek. A társadalmi, gazdasági fejlődés azonban mára jelentős változást eredményezett és mind az árutermelésben mind az ehhez kapcsolható hagyományőrzésben teljes átalakulás figyelhető meg. A falvak földtulajdona néhány gazda birtokába koncentrálódott, míg a termesztett növényi kultúrák száma drasztikusan csökkent. Ezzel együtt a gazdálkodáshoz köthető néphagyományok száma is fogyóban van. Indokolt tehát, hogy a falusi hagyományokra épülő, közösségformáló falusi turizmus újragondolását a figyelem központjába állítsuk. Az elmúlt 30 év kutatási eredményei azt mutatják, hogy a falusi turizmus népi értékeinek megőrzése nem kapott elegendő figyelmet. A fejlesztések elsősorban a szállásfejlesztést preferálták és a hagyományápolás háttérbe szorult. Fontos tehát, hogy az újragondolást tettek kövessék és az elődeink által ránk hagyott természeti, szellemi, kulturális örökségünket megőrizzük. A kutatás azoknak a hiányosságoknak a feltárását tartotta szem előtt, amelyek a jelen helyzet kialakulásához vezettek és igyekezett megoldást találni a sikeresen újra indított falusi turizmus túlélési esélyeinek növelésére. A még élő hagyományok megóvása nemzeti kincsként kezelendő, amely biztosítani tudja a falvak turisztikai vonzerőjét, a közös gondolkodáson alapuló falusi közösségek továbbélését! A falusi turizmus kínálatának tematizálása, és egy eredményesebb marketing tevékenység nagyobb turistaérkezést generálna, hozzájárulhatna a hátrányos helyzetű vidéki térségek felzárkóztatásához, a fenntarthatósági célok eléréséhez. 
650 4 |a regionális tudományok 
695 |a Falusi turizmus 
695 |a Funkcióvesztett falvak 
695 |a Turisztikai termék 
700 1 |a Petykó Csilla  |e aut 
700 1 |a Schultz Éva  |e aut 
856 4 0 |u https://publikaciotar.uni-bge.hu/id/eprint/2528/1/10061-Cikk%20sz%C3%B6veg-51418-2-10-20230718.pdf  |z Dokumentum-elérés